02047nab a22002537a 4500003000400000005001700004008004100021040000700062100002200069245013400091260007300225300001400298500004400312505101100356505008901367650001601456650002901472650002701501650002301528650002601551650004501577650003501622773013601657OSt20250223230916.0190603e xxum|||| |||| 00| 0 spa d cPJ aPapa, Rodolfo G. 10aAspectos jurídicos, contractuales y regulatorios de actualidad en el tratamiento del fideicomiso societario /cRodolfo G. Papa. cCiudad Autónoma de Buenos Aires :aThomson Reuters La Ley, b2023. ap. 85-104 aCita Online: TR LALEY AR/DOC/2647/2023. a Sumario: I. Aproximación introductoria. El fideicomiso societario ante la nueva Codificación.— II. El fiduciario ante la ejecución de un fideicomiso societario. Extensión en el ejercicio de sus facultades fiduciarias.— III. Etapas y principales aspectos jurídicos sustantivos que conforman el iter en la constitución de un fideicomiso societario.— IV. La registración del contrato de fideicomiso societario ante el "Registro Público". Su alcance y efectos. Su tratamiento regulatorio actual en el ámbito de la Ciudad Autónoma de Buenos Aires. La competencia registral asumida por la Inspección General de Justicia (IGJ) al amparo de la RG 6/2016 (luego modificada por la RG 33/2020).— V. Los posibles usos de un fideicomiso societario como vehículo o "instrumentalidad".— VI. La adecuación de las previsiones contractuales del fideicomiso societario a la nueva Codificación unificada.— VII. El fideicomiso societario con fines de garantía.— VIII. Conclusiones.  t¿Te interesa el texto completo? Solicitalo al correo: koha@justierradelfuego.gov.ar 0aFIDEICOMISO 0aCODIGO CIVIL Y COMERCIAL 0aSOCIEDADES COMERCIALES 0aDOMINIO FIDUCIARIO 0aINSCRIPCION REGISTRAL 0aPARTICIPACIÓN DE UNA SOCIEDAD EN OTRA  0aINSPECCION GENERAL DE JUSTICIA0 02713dCiudad Autónoma de Buenos Aires : Thomson Reuters La Ley, 2015-tRevista Código Civil y Comercial. Nº 6 - Diciembre 2023